Guess the 1960s song lyrics #167 - Statistics

General Stats
  • This quiz has been taken 16 times
  • The average score is 238 of 265
Answer Stats
Answer % Correct
his
100%
I
100%
in
100%
In
100%
it
100%
It's
100%
it's
100%
me
100%
all
93%
and
93%
And
93%
can
93%
he
93%
How
93%
if
93%
If
93%
Is
93%
is
93%
kiss
93%
Kiss
93%
know
93%
love
93%
loves
93%
no
93%
not
93%
Oh
93%
oh
93%
so
93%
That's
93%
that's
93%
the
93%
to
93%
wanna
93%
where
93%
yeah
93%
you
93%
about
86%
be
86%
eyes
86%
him
86%
tell
86%
there
86%
way
86%
you're
86%
Does
79%
find
79%
listening
79%
out
79%
say
79%
what
79%
really
71%
you'll
71%
squeeze
64%
acts
57%
just
57%
make
57%
tight
57%
believe
50%
deceived
50%
embrace
50%
face
50%
arm
43%
he'll
43%
charm
36%
one
36%
Or
36%
Whoa
36%
Betty Everett
29%
No matching quizzes found
Score Distribution
Percent of People with Each Score
Percentile by Number Answered
Your Score History
You have not taken this quiz